000
00241nam a2200121Ia 4500
100
_a
#N/A
942
_c
BK
245
_a
Electronic Devices: Systems and Applications
260
_b
#N/A
082
_b
22931
546
_a
ENGLISH
999
_c
27174
_d
27174